Statistiques concernant 10 Pays d'Asie aléatoires sur une carte vierge

Cliquez ici pour prendre le quiz!

Statistiques générales

  • Ce quiz a été pris 690 fois
  • Le résultat moyen est 8 sur 10

Réponses sur la Carte

Les réponses sont colorées sur une échelle allant du rouge au vert en fonction du pourcentage des utilisateurs qui les ont devinées à leur premier essai. Vous pouvez retrouver ces pourcentages ci-dessous.
 

Statistiques - réponses

Pays% Correct
Inde
100%
Japon
100%
Indonésie
98%
Turquie
98%
Mongolie
97%
Chine
96%
Népal
95%
Laos
94%
Viêt Nam
93%
Kazakhstan
91%
Pakistan
91%
Sri Lanka
91%
Arabie Saoudite
90%
Chypre
89%
Turkménistan
89%
Oman
88%
Yémen
88%
Malaisie
86%
Philippines
86%
Thaïlande
86%
Taïwan
84%
Bangladesh
83%
Qatar
82%
Corée du Nord
81%
Corée du Sud
80%
Géorgie
80%
Iran
80%
Azerbaïdjan
79%
Birmanie
77%
Cambodge
76%
Koweït
76%
Maldives
76%
Syrie
75%
Tadjikistan
75%
Afghanistan
74%
Émirats arabes unis
74%
Israël
73%
Kirghizistan
73%
Ouzbékistan
73%
Bhoutan
70%
Timor oriental
68%
Liban
65%
Jordanie
62%
Arménie
59%
Brunei
57%
Irak
57%
Singapour
48%
Bahreïn
37%

Distribution des résultats

Percentile par nombre de réponses

% des personnes avec chaque résultat

Votre développement - résultats

Vous n’avez pas pris ce quiz